000 01509nam1a22002651i 4500
001 rc\3038483
005 20240726045346.0
035 _a(NLR Aleph) 007178911
090 _a7421777
_c7421777
100 _a20111005d1935 |||y0rusy50 ca
101 0 _arus
102 _aRU
105 _ay z |||||
200 1 _aТруды
_eТ. 1-
_fРед. коллегия Ежкова, А.Г. (отв. ред.), Кеворков Н.П. (отв. секр.), Райхштейн Л.И. ... [и др.]
_gУзбекист. гос. науч.-исслед. ин-т ортопедии, травматологии и костного туберкулеза Наркомздрава Узбекистана)
210 _aТашкент
_cУзбекист. гос. науч.-исслед. ин-т ортопедии, травматологии и костного туберкулеза
_d1935
215 _d26 см
300 _aНа обл.: Наркомздрав УзССР. Институт ортопедии, травматологии и костного туберкулеза
702 1 _aЕжкова
_bА.Г.
_4340
702 1 _aКеворков
_bН.П.
_4340
702 1 _aРайхштейн
_bЛ.И.
_4340
710 0 2 _aУзбекистанский научно-исследовательский институт ортопедии, травматологии и костного туберкулеза
_cТашкент
801 0 _aRU
_bNLR
_gpsbo
801 1 _aRU
_bELAR
_2rusmarc
852 _aNLR
_j35-19/277
942 _cBOOK